Probability and statistics for economists / (Record no. 14654)

MARC details
000 -LEADER
fixed length control field 00866cam a2200253 i 4500
001 - CONTROL NUMBER
control field 11139
003 - CONTROL NUMBER IDENTIFIER
control field IN-BhIIT
005 - DATE AND TIME OF LATEST TRANSACTION
control field 20250213162601.0
008 - FIXED-LENGTH DATA ELEMENTS--GENERAL INFORMATION
fixed length control field 211201s2022 njua b 001 0 eng
020 ## - INTERNATIONAL STANDARD BOOK NUMBER
ISBN 9780691235943 (hbk.)
040 ## - CATALOGING SOURCE
Original cataloging agency IN-BhIIT
041 ## - LANGUAGE CODE
Language code of text eng
082 00 - DEWEY DECIMAL CLASSIFICATION NUMBER
Classification number 330.015195
Book number HAN/P
100 1# - MAIN ENTRY--AUTHOR NAME
Personal name Hansen, Bruce E.,
Relator term Author.
245 10 - TITLE STATEMENT
Title Probability and statistics for economists /
Statement of responsibility, etc by Bruce E. Hansen.
260 ## - PUBLICATION, DISTRIBUTION, ETC. (IMPRINT)
Place of publication New Jersey :
Name of publisher Princeton University Press,
Year of publication 2022.
300 ## - PHYSICAL DESCRIPTION
Number of Pages xxiii, 385 p. :
Other physical details(ill.) illustrations ;
Dimensions(size) 26 cm
504 ## - BIBLIOGRAPHY, ETC. NOTE
Bibliography, etc Includes bibliographical references and index.
520 ## - SUMMARY, ETC.
Summary, etc "A comprehensive introduction to probability and statistics through the perspective of applying it to economic analysis"--
650 #0 - SUBJECT ADDED ENTRY--TOPICAL TERM
Topical Term Econometrics.
Topical Term Probabilities.
Topical Term Statistics.
942 ## - ADDED ENTRY ELEMENTS (KOHA)
Koha item type Technical Reference Book
Holdings
Withdrawn status Lost status Damaged status Not for loan Collection code Home library Current library Date acquired Source of acquisition Cost, normal purchase price Full call number Accession Number Cost, replacement price Price effective from Koha item type
Not withdrawn Not Lost not damaged   SHSSM Central Library, IIT Bhubaneswar Central Library, IIT Bhubaneswar 25/01/2025 52 4373.65 330.015195 HAN/P 11139 5991.30 25/01/2025 Technical Reference Book

Central Library, Indian Institute of Technology Bhubaneswar, 4th Floor, Administrative Building, Argul, Khordha, PIN-752050, Odisha, India
Phone: +91-674-7138750 | Email: circulation.library@iitbbs.ac.in (For circulation related queries),
Email: info.library@iitbbs.ac.in (For other queries)